El arte de la ficción : con ejemplos de textos clásicos y modernos /

Bibliographic Details
Main Author: Lodge, David
Format: Libro
Language:Spanish
Published: Barcelona Península 2006
Online Access:

MARC

LEADER 00000cam a2200000 a 4500
001 000203
003 UAHC_CL
005 20170803115622.0
008 111207s2006 sp 000 1 spa
020 |a 8483077272 
040 |a UAHC_CL  |c UAHC_CL  |d UAHC_CL 
100 1 |a Lodge, David 
245 1 3 |a El arte de la ficción :  |b con ejemplos de textos clásicos y modernos /  |c David Lodge. 
260 |b Península  |a Barcelona  |c 2006 
300 |a 340 p. 
942 |c BK 
952 |0 0  |1 0  |4 0  |7 0  |8 General  |9 442  |a BC  |b BC  |c General  |d 2017-08-03  |l 0  |m 3  |p 1384053  |q 2018-01-11  |r 2017-08-03 00:00:00  |t 1  |w 2017-08-03  |y BK 
999 |c 203  |d 203